Welcome to CU Library Online Public Access Catalogue (OPAC)

Human anatomy : (Record no. 2204)

MARC details
000 -LEADER
fixed length control field 00858cam a22002414a 4500
001 - CONTROL NUMBER
control field 14626313
005 - DATE AND TIME OF LATEST TRANSACTION
control field 20241214111126.0
008 - FIXED-LENGTH DATA ELEMENTS--GENERAL INFORMATION
fixed length control field 061107s2007 stka 001 0 eng
020 ## - INTERNATIONAL STANDARD BOOK NUMBER
International Standard Book Number 9780443103735
020 ## - INTERNATIONAL STANDARD BOOK NUMBER
International Standard Book Number 9780443103735
050 00 - LIBRARY OF CONGRESS CALL NUMBER
Classification number QM23.2
Item number .J328 2007
082 00 - DEWEY DECIMAL CLASSIFICATION NUMBER
Classification number 611
Edition information 22
100 1# - MAIN ENTRY--PERSONAL NAME
Personal name Jacob, S.
Fuller form of name (Sam)
245 10 - TITLE STATEMENT
Title Human anatomy :
Remainder of title a clinically-orientated approach : an illustrated colour text /
Statement of responsibility, etc. S. Jacob ; dissections by David J. Hinchcliffe ; photography by Mick A. Turton ; illustrated by Amanda Williams.
260 ## - PUBLICATION, DISTRIBUTION, ETC.
Place of publication, distribution, etc. Edinburgh ;
-- New York :
Name of publisher, distributor, etc. Churchill Livingstone/Elsevier,
Date of publication, distribution, etc. 2007.
300 ## - PHYSICAL DESCRIPTION
Extent vii, 235 p. :
Other physical details ill. (some col.) ;
Dimensions 30 cm.
500 ## - GENERAL NOTE
General note Includes index.
650 #0 - SUBJECT ADDED ENTRY--TOPICAL TERM
Topical term or geographic name entry element Human anatomy.
650 #0 - SUBJECT ADDED ENTRY--TOPICAL TERM
Topical term or geographic name entry element Human anatomy
Form subdivision Atlases.
650 12 - SUBJECT ADDED ENTRY--TOPICAL TERM
Topical term or geographic name entry element Anatomy
Form subdivision Atlases.
650 22 - SUBJECT ADDED ENTRY--TOPICAL TERM
Topical term or geographic name entry element Dissection
Form subdivision Atlases.
942 ## - ADDED ENTRY ELEMENTS (KOHA)
Source of classification or shelving scheme Library of Congress Classification
Koha item type Books
Suppress in OPAC No
999 ## -
-- 2204
-- 2204
Holdings
Withdrawn status Lost status Source of classification or shelving scheme Damaged status Not for loan Collection Home library Current library Shelving location Date acquired Total checkouts Full call number Barcode Date last seen Copy number Price effective from Koha item type
    Library of Congress Classification     Non-fiction Science Library (Miotso) Science Library (Miotso) General stacks 12/14/2024   QM23.2 JAC SLM00001378 12/14/2024 1 12/14/2024 Books
    Library of Congress Classification     Non-fiction Science Library (Miotso) Science Library (Miotso) General stacks 12/14/2024   QM23.2 JAC SLM00001379 12/14/2024 2 12/14/2024 Books
    Library of Congress Classification     Non-fiction Science Library (Miotso) Science Library (Miotso) General stacks 12/14/2024   QM23.2 JAC SLM00001380 12/14/2024 3 12/14/2024 Books
    Library of Congress Classification     Non-fiction Science Library (Miotso) Science Library (Miotso) General stacks 12/14/2024   QM23.2 JAC SLM00001381 12/14/2024 4 12/14/2024 Books
    Library of Congress Classification     Non-fiction Science Library (Miotso) Science Library (Miotso) General stacks 12/14/2024   QM23.2 JAC SLM00001382 12/14/2024 5 12/14/2024 Books
© 2023-2024 Copyright: Central University Libraries. All Rights Reserved | Created by: Mahone Tech Office